South Lakeland DC v SoS for the Environment and another (Record no. 34248)

MARC details
000 -LEADER
fixed length control field 01638cab a2200229 4500
001 - CONTROL NUMBER
control field ABS45974
008 - FIXED-LENGTH DATA ELEMENTS--GENERAL INFORMATION
fixed length control field 090401t1992 xxu||||| |||| 00| 0 eng d
035 ## - SYSTEM CONTROL NUMBER
System control number (Sirsi) u56135
041 ## - LANGUAGE CODE
Language code of text/sound track or separate title eng
245 ## - TITLE STATEMENT
Title South Lakeland DC v SoS for the Environment and another
260 ## - PUBLICATION, DISTRIBUTION, ETC.
Date of publication, distribution, etc. 1992
350 ## - PRICE (NR) (BK AM CF MU VM SE) [OBSOLETE]
Price 0
490 ## - SERIES STATEMENT
Series statement New Law Journal
Volume/sequential designation 142(6538) 7 February 1992, 159-160(2)
520 ## - SUMMARY, ETC.
Summary, etc. HL 30 January 1992. A diocesan parsonage board applied for outline consent to build a new vicarage on land within the curtilage of an existing vicarage in a village lying within a designated conservation area. Council (S) refused the application on the ground that the proposal would be severely detrimental to the area. An inspector`s decision to uphold this refusal was quashed by the High Court on the ground that the inspector had failed to discharge his duty under Town and Country Planning Act 1971 s277(8) to pay special attention to the desirability of `preserving or enhancing` the character or appearance of the conservation area. On appeal by the SoS CA held that the inspector had discharged his duty under s277(8). S appealed to HL which held that `preserving or enhancing` the character or appearance of a conservation area under s277(8) was not restricted to positive contributions to preservation, but included developments that left character or appearance unharmed. Appeal accordi
650 ## - SUBJECT ADDED ENTRY--TOPICAL TERM
Topical term or geographic name entry element CONSERVATION AREAS
650 ## - SUBJECT ADDED ENTRY--TOPICAL TERM
Topical term or geographic name entry element PLANNING APPEALS
650 ## - SUBJECT ADDED ENTRY--TOPICAL TERM
Topical term or geographic name entry element TOWN AND COUNTRY PLANNING ACT 1971 S277(8)
690 ## - LOCAL SUBJECT ADDED ENTRY--TOPICAL TERM (OCLC, RLIN)
Topical term or geographic name as entry element CONSERVATION-CASE LAW
690 ## - LOCAL SUBJECT ADDED ENTRY--TOPICAL TERM (OCLC, RLIN)
Topical term or geographic name as entry element PLANNING LAW AND PRACTICE-CASE LAW
942 ## - ADDED ENTRY ELEMENTS (KOHA)
Suppress in OPAC 0
948 ## - LOCAL PROCESSING INFORMATION (OCLC); SERIES PART DESIGNATOR (RLIN)
c (OCLC) 04/03/1997
Holdings
Withdrawn status Lost status Source of classification or shelving scheme Damaged status Not for loan Home library Current library Shelving location Date acquired Total Checkouts Full call number Barcode Date last seen Copy number Price effective from Koha item type
    Dewey Decimal Classification     London London Journal article 14/09/1999   ABS45974 56135-1001 06/08/2019 1 06/08/2019 Law report